[Event "18. Blankenburger Schachturnier, A-Gr."]
[Site "?"]
[Date "2013.10.05"]
[Round "6.11"]
[White "Schomann, Michael"]
[Black "Perkampus, Lars"]
[Result "0-1"]
[WhiteElo "1753"]
[BlackElo "1975"]
[PlyCount "78"]

1. d4 d5 2. c4 Nf6 3. Nc3 e6 4. Bg5 Be7 5. Nf3 h6 6. Bh4 Nbd7 7. e3 O-O 8. Bd3
c5 9. cxd5 Nxd5 10. Bxe7 Nxe7 11. O-O cxd4 12. Nxd4 a6 13. Bc4 Ne5 14. Bb3 b5
15. Ne4 Qb6 16. Rc1 Bb7 17. Nc5 Bd5 18. Bxd5 Nxd5 19. Qh5 Qd6 20. Ne4 Qb8 21.
Nc6 Nxc6 22. Rxc6 Qb7 23. Rfc1 Rac8 24. Rxc8 Rxc8 25. Rxc8+ Qxc8 26. Qd1 Qc4
27. Ng3 Qxa2 28. e4 Nf6 29. Qd8+ Kh7 30. h3 Qb1+ 31. Kh2 Nxe4 32. Nh5 Qxb2 33.
Qc7 Qxf2 34. Qe5 Nf6 35. Nf4 Qc2 36. Qa1 Qe4 37. Qf1 a5 38. Nd3 b4 39. Nc5 Qe5+
0-1

[Event "18. Blankenburger Schachturnier, A-Gr."]
[Site "?"]
[Date "2013.10.05"]
[Round "6.12"]
[White "Zerfass, Ottfried"]
[Black "Kasper, Mike"]
[Result "1/2-1/2"]
[WhiteElo "1913"]
[BlackElo "1917"]
[PlyCount "58"]

1. e4 c5 2. Nc3 Nc6 3. Bb5 Nd4 4. Bc4 d6 5. Nge2 Be6 6. Bxe6 Nxe6 7. d3 g6 8.
O-O Bg7 9. f4 Qd7 10. a4 Nf6 11. Ng3 Nd4 12. f5 O-O 13. Be3 Nc6 14. Qd2 Ng4 15.
Bf4 Nb4 16. Nd1 d5 17. h3 Ne5 18. Nf2 b6 19. c3 Nbc6 20. Bh6 dxe4 21. Ngxe4 f6
22. fxg6 hxg6 23. Bxg7 Kxg7 24. Rfd1 Rad8 25. Qe3 Rh8 26. a5 Qd5 27. axb6 axb6
28. Ra6 Rb8 29. Ng3 Kf7 1/2-1/2

[Event "18. Blankenburger Schachturnier, A-Gr."]
[Site "?"]
[Date "2013.10.06"]
[Round "7.2"]
[White "Paul, Johannes"]
[Black "Kahe, Ralph"]
[Result "1-0"]
[WhiteElo "2238"]
[BlackElo "2205"]
[PlyCount "101"]

1. c4 g6 2. d4 Nf6 3. Nc3 Bg7 4. e4 d6 5. Be2 Nbd7 6. Nf3 e5 7. O-O O-O 8. Be3
h6 9. dxe5 dxe5 10. h3 c6 11. Qd2 Kh7 12. Rfd1 Qc7 13. c5 Nh5 14. Qd6 Qd8 15.
Bc4 Nf4 16. b4 Qf6 17. Qxf6 Nxf6 18. Nxe5 N6h5 19. Bd4 Be6 20. Bf1 a5 21. b5
cxb5 22. Nxb5 Rac8 23. Nd6 Bxe5 24. Bxe5 Rxc5 25. Bd4 Rc2 26. Be3 Ne2+ 27. Bxe2
Rxe2 28. Bd2 Rd8 29. Kf1 Rxf2+ 30. Kxf2 Rxd6 31. Bxa5 Ra6 32. Bc3 Rxa2+ 33.
Rxa2 Bxa2 34. Rd8 Ng7 35. Rb8 Bc4 36. Rxb7 Ba2 37. Rc7 Bb3 38. Ke3 Ba2 39. Rc8
Be6 40. Rb8 Ba2 41. Kd4 Ne6+ 42. Ke5 Nc5 43. Rc8 Ne6 44. Kf6 Ng7 45. Rf8 g5 46.
g4 h5 47. Rxf7 Bxf7 48. Kxf7 hxg4 49. hxg4 Nh5 50. gxh5 Kh6 51. e5 1-0

[Event "18. Blankenburger Schachturnier, A-Gr."]
[Site "?"]
[Date "2013.10.06"]
[Round "7.4"]
[White "Homburg, David"]
[Black "Kesik, Klaus-Dieter"]
[Result "0-1"]
[WhiteElo "2021"]
[BlackElo "2233"]
[PlyCount "52"]

1. d4 Nf6 2. c4 g6 3. Nc3 Bg7 4. e4 d6 5. f3 O-O 6. Be3 c6 7. Qd2 a6 8. Bd3 b5
9. Nge2 Nbd7 10. O-O Re8 11. a3 Rb8 12. b4 e5 13. d5 bxc4 14. Bxc4 Nb6 15. Ba2
cxd5 16. Nxd5 Nbxd5 17. Bxd5 Nxd5 18. Qxd5 Be6 19. Qd2 d5 20. exd5 Bxd5 21.
Rac1 e4 22. fxe4 Bxe4 23. Ng3 Ba8 24. Qxd8 Rbxd8 25. Bc5 Rd2 26. Rcd1 Rxg2+ 0-1

[Event "18. Blankenburger Schachturnier, A-Gr."]
[Site "?"]
[Date "2013.10.06"]
[Round "7.5"]
[White "Stanke, Achim"]
[Black "Prüsse, Horst"]
[Result "0-1"]
[WhiteElo "2158"]
[BlackElo "2010"]
[PlyCount "94"]

1. d4 Nf6 2. g3 d5 3. Bg2 c5 4. c3 e6 5. Nf3 Be7 6. O-O O-O 7. Nbd2 Nc6 8. Qc2
Bd7 9. e4 dxe4 10. Nxe4 cxd4 11. Nxd4 Nxd4 12. cxd4 Nd5 13. Qb3 Bc6 14. Bd2 Nb6
15. Be3 Bd5 16. Qd1 Rc8 17. Nc3 Bxg2 18. Kxg2 Nc4 19. Qe2 Qa5 20. Rac1 Rc6 21.
a3 Rfc8 22. Nb1 Nxe3+ 23. Qxe3 Qd5+ 24. Kg1 Rxc1 25. Rxc1 Rxc1+ 26. Qxc1 Qxd4
27. Qc8+ Bf8 28. Nc3 Qb6 29. Nd1 Qb3 30. Qc1 h6 31. Kg2 Be7 32. f3 b6 33. Qd2
Bc5 34. Nc3 Qc4 35. Ne2 a5 36. Nc3 Qd4 37. Qc2 Qg1+ 38. Kh3 Qf1+ 39. Kg4 f5+
40. Kf4 Qc4+ 41. Ke5 Bd4+ 42. Kd6 Kf7 43. Qe2 Qc5+ 44. Kd7 Be5 45. Nb5 Qd5+ 46.
Kc8 Ke7 47. Nc7 Qd7+ 0-1

[Event "18. Blankenburger Schachturnier, A-Gr."]
[Site "?"]
[Date "2013.10.06"]
[Round "7.9"]
[White "Bauer, Burkhard"]
[Black "Khudovekov, Stanislav"]
[Result "0-1"]
[WhiteElo "2123"]
[BlackElo "2048"]
[PlyCount "43"]

1. d4 g6 2. e4 Bg7 3. Nc3 d6 4. h3 Nf6 5. Nge2 a6 6. g4 b5 7. Bg2 Bb7 8. Ng3 h5
9. g5 Nfd7 10. h4 c5 11. Nce2 cxd4 12. Nxd4 Qc7 13. O-O Nc6 14. Nxc6 Bxc6 15.
c3 Ne5 16. Kh1 Ng4 17. Bf4 b4 18. f3 bxc3 19. bxc3 Ne5 20. Ne2 Bb5 21. Re1 Nd3
22. Rg1 0-1

[Event "18. Blankenburger Schachturnier, A-Gr."]
[Site "?"]
[Date "2013.10.06"]
[Round "7.10"]
[White "Perkampus, Lars"]
[Black "Kalliwoda, Enrico"]
[Result "1-0"]
[WhiteElo "1975"]
[BlackElo "1873"]
[PlyCount "145"]

1. d4 Nf6 2. Bg5 g6 3. Nf3 Bg7 4. e3 O-O 5. c4 d6 6. Nc3 Nbd7 7. Qc2 c5 8. Be2
b6 9. O-O cxd4 10. exd4 Bb7 11. d5 a6 12. a4 Rc8 13. Qd1 Nc5 14. Be3 Nfe4 15.
Nxe4 Nxe4 16. Bd4 Nf6 17. Rc1 Qc7 18. Qb3 Nd7 19. Qe3 Rce8 20. Bxg7 Kxg7 21.
Qd4+ Kg8 22. Ng5 h6 23. Ne4 Nc5 24. Rc3 e5 25. Qe3 f5 26. Nxc5 bxc5 27. Qxh6
Qg7 28. Qxg7+ Kxg7 29. Rb3 Rb8 30. Rb6 Rfd8 31. a5 Ba8 32. Rxa6 Rxb2 33. Re1
Bb7 34. Ra7 Ra8 35. Rxa8 Bxa8 36. Bf1 Ra2 37. Rb1 Rxa5 38. Rb6 Ra7 39. Rxd6 Rc7
40. f3 Re7 41. Ra6 Bb7 42. Ra5 Rc7 43. Bd3 Bc8 44. h3 Kf6 45. Rb5 Bd7 46. Rb6+
Kg5 47. Kf2 Kh6 48. g4 Kg5 49. h4+ Kxh4 50. Rxg6 fxg4 51. fxg4 Bxg4 52. Rf6 Kg5
53. Rf8 Re7 54. Ke3 Bd7 55. Ke4 Kg6 56. Be2 Kg7 57. Ra8 Kf6 58. Ra6+ Kg5 59. d6
Re8 60. Kd5 Rc8 61. Ra7 Bc6+ 62. Kxe5 Re8+ 63. Re7 Rxe7+ 64. dxe7 Be8 65. Bf3
Kg6 66. Bd5 Kg7 67. Be6 Kg6 68. Kd6 Kf6 69. Bd7 Kf7 70. Bxe8+ Kxe8 71. Kxc5
Kxe7 72. Kc6 Kd8 73. Kb7 1-0

[Event "18. Blankenburger Schachturnier, A-Gr."]
[Site "?"]
[Date "2013.10.06"]
[Round "7.12"]
[White "Fahsel, Nico"]
[Black "Zerfass, Ottfried"]
[Result "1-0"]
[WhiteElo "1766"]
[BlackElo "1813"]
[PlyCount "55"]

1. e4 c5 2. Nf3 Nc6 3. d4 cxd4 4. Nxd4 g6 5. Be3 Bg7 6. Be2 Nf6 7. Nc3 O-O 8.
O-O d5 9. Nxc6 bxc6 10. e5 Nd7 11. f4 e6 12. Na4 Qa5 13. Qd4 f6 14. Bd2 Qc7 15.
Nc5 fxe5 16. fxe5 Rxf1+ 17. Rxf1 Nxe5 18. Qh4 Nf7 19. Ba5 Qxa5 20. Qe7 Bd4+ 21.
Kh1 Qxc5 22. Qxf7+ Kh8 23. Qe8+ Kg7 24. Rf7+ Kh6 25. Qg8 Bf6 26. h4 Bxh4 27.
Qg7+ Kg5 28. Qf6+ 1-0

[Event "18. Blankenburger Schachturnier, A-Gr."]
[Site "?"]
[Date "2013.10.06"]
[Round "7.13"]
[White "Schomann, Michael"]
[Black "Loos, Tobias"]
[Result "0-1"]
[WhiteElo "1753"]
[BlackElo "1596"]
[PlyCount "62"]

1. d4 e6 2. c4 Nf6 3. Nc3 Bb4 4. Bg5 c5 5. a3 Bxc3+ 6. bxc3 Qa5 7. Qc2 cxd4 8.
Bd2 dxc3 9. Bxc3 Qc7 10. e3 d6 11. Rd1 Nbd7 12. Nf3 Nc5 13. Bd3 Bd7 14. Nd4 Ba4
15. Nb5 Qc6 16. Qb2 Bxd1 17. Kd2 Nxd3 18. Kxd3 Qe4+ 19. Kd2 O-O 20. Rxd1 Qg6
21. Nxd6 Rfd8 22. Kc1 Ne4 23. Be5 Nxd6 24. Bxd6 b6 25. g3 Qe4 26. h4 Qxc4+ 27.
Kb1 Rac8 28. Rd4 Qc6 29. Rg4 Qh1+ 30. Ka2 Qd5+ 31. Kb1 Qd1+ 0-1